| 000 | 00559nam a2200169Ia 4500 | ||
|---|---|---|---|
| 008 | 140529s9999 xx 000 0 und d | ||
| 050 |
_aQA 43 _b.Sm654 2006 |
||
| 100 | _aSmith, Heidi. | ||
| 245 |
_aHow to pass numerical reasoning tests : _ba step-by-step guide to learning key numeracy skills : intermediate level / _cHeidi Smith |
||
| 250 | _aRev. ed. | ||
| 260 |
_aLondon ; Philadelphia : _bKogan Page, _cc2006. |
||
| 300 |
_a225 p. ; _c22 cm. |
||
| 500 | _aIncludes bibliographical references. | ||
| 521 | _aGE | ||
| 942 |
_kFOR _cBK |
||
| 999 |
_c117836 _d117836 |
||